000
00305nam a2200121Ia 4500
005
20251222141945.0
008
251222s9999||||xx |||||||||||||| ||spa||
082
_a
531/G14
100
_a
Galilei, Galileo
245
0
_a
Diálogos Acerca de Dos Nuevas Ciencias
264
_b
Magisterio Argentino
942
_c
LIB
999
_c
9482
_d
9482